000 01853nam a2200457 c 4500
003 BLK
005 20231215165845.0
008 180408b bul|||||r ||||||| ||bul||
010 _aKNG00083516000
020 _a978-954-320-157-0
_bиздат.: Рива
040 _aBLK
041 _aBUL
_cBUL
080 _aИстория на Австрия и Австро-Унгария
_b943.6
_x
_z943.6
080 _aПолитика. Вж и 341 ; 342
_b32
_x(436)(091)
_z32(436)(091)
100 1 _aВоцелка, Карл
_eпърви автор
_949374
700 1 _aПарашкевова, Фросина
_eпрев. от нем.
_9371810
700 1 _aПарашкевов, Борис
_eпрев. от нем.
_9368147
139 _aВоцелка, Карл
_bВ 84
245 1 0 _aИстория на Австрия
_bКултура, общество, политика
_cКарл Воцелка; прев. от нем. Фросина Парашкевова; прев. от нем. Борис Парашкевов.
257 _aAUT
260 София
_bРива
_c2008
_fВ. Търново : Абагар
300 _a376 с.
_bс ил., к., табл.
_c23 см
380 _a9
500 _aОриг. загл. Geschichte Osterreichs / Karl Vocelka. - Офс. изд.
590 _aф
650 4 _aАвстрия - история
_9266207
650 4 _aАвстрия - политика
_9282774
651 4 _aАвстрия
_9245450
651 4 _aАвстро-Унгария
_9178510
653 _aАвстрия
653 _aистория
653 _aобщество
653 _aкултура
653 _aполитика
852 _aЦб 239862
856 4 _qpdf
_u
856 4 _qpdf
_u
942 _cKNG
_n0
_08
944 _aCR
_c24.04.2008
_k30531
_lЦветелина Шанова
944 _aED
_c16.05.2011
_k
999 _c79044
_d79044